| 000 | 00448nam a2200181Ia 4500 | ||
|---|---|---|---|
| 003 | OSt | ||
| 005 | 20140321141838.0 | ||
| 008 | 140130s9999 xx 000 0 und d | ||
| 020 | _a04396060268 | ||
| 050 |
_aLB 1555 _b.G394g2 2004 |
||
| 245 | _aGet ready for 2nd grade / | ||
| 260 |
_bScholastic, _c2004. _aU.S.A : |
||
| 300 |
_a128 p. : _bill. ; _c27 cm. |
||
| 440 | _v1 | ||
| 650 | _aReadiness for school | ||
| 942 |
_cBK _2lcc |
||
| 999 |
_c41910 _d41910 |
||